000 00462nam a2200181Ia 4500
001 23360
005 20260414150932.0
008 260414t2013||||xx |||||||||||||| ||spa||
041 _aESP
082 _a629.892
_bC78
100 _aCorke, Peter
_eAUT
245 0 _aRobotics, vision and control :
_bfundamental algorithms in MATLAB
260 _c2013
300 _axxiv, 570 páginas :
_c26 cm.
650 _aCNM
654 _aCCN
942 _cLIB
_dJUS
_fJUS
_2ddc
_n
999 _c23360
_d23360